| 000 | 00780cam a22002533a 4500 | ||
|---|---|---|---|
| 001 | 16658 | ||
| 003 | PGUSA | ||
| 005 | 20140828083344.0 | ||
| 008 | 050905s2005||||xxu|||||s|||||000 | eng d | ||
| 040 |
_aPGUSA _beng |
||
| 042 | _adc | ||
| 050 | 4 | _aMT | |
| 100 | 1 |
_aWieck, Friedrich, _d1785-1873 |
|
| 245 | 1 | 0 |
_aPiano and Song : _bHow to Teach, How to Learn, and How to Form a Judgment of Musical Performances _h[electronic resource] / _cFriedrich Wieck |
| 260 |
_bProject Gutenberg, _c2005 |
||
| 506 | _aPublic domain in the USA. | ||
| 516 | _aElectronic text | ||
| 653 | _aSinging | ||
| 653 | _aPiano -- Instruction and study | ||
| 700 | 1 | _aNichols, Mary Pickering | |
| 830 | 0 |
_aProject Gutenberg _v16658 |
|
| 856 | 4 | 0 | _uhttp://www.gutenberg.org/ebooks/16658 |
| 942 | _cEB | ||
| 999 |
_c245913 _d245913 |
||